000 00693nam a2200205Ia 4500
008 140429s9999 xx 000 0 und d
020 _a9781422181140
050 _aHD 58.9
_b.As84 2010
100 _aAshkenas, Ron
245 _aSimply effective :
_bhow to cut through complexity in your organization and get things done /
_cRon Ashkenas.
260 _aMassachusetts :
_bHarvard Business Press,
_cc2010.
300 _a214 p. :
_bill. ;
_c22 cm.
500 _aIncludes bibliographical references and index.
521 _aBSBA
650 _aOrganizational behavior.
650 _aOrganizational change.
650 _aOrganizational effectiveness.
942 _kFOR
_cBK
999 _c115569
_d115569